| 000 -LEADER |
| fixed length control field |
00471nam a22001337a 4500 |
| 008 - FIXED-LENGTH DATA ELEMENTS--GENERAL INFORMATION |
| fixed length control field |
200212b ||||| |||| 00| 0 eng d |
| 110 ## - MAIN ENTRY--CORPORATE NAME |
| 9 (RLIN) |
76 |
| Corporate name or jurisdiction name as entry element |
International Maritime Organization |
| 245 10 - TITLE STATEMENT |
| Title |
Survey of fire appliances and provisions: Model Course 3.05 |
| 260 ## - PUBLICATION, DISTRIBUTION, ETC. (IMPRINT) |
| Place of publication, distribution, etc |
London |
| Name of publisher, distributor, etc |
International Maritime Organization |
| Date of publication, distribution, etc |
2004 |
| 300 ## - PHYSICAL DESCRIPTION |
| Extent |
v,484 |
| 490 0# - SERIES STATEMENT |
| Series statement |
Model course 3.05 |
| 650 #0 - SUBJECT ADDED ENTRY--TOPICAL TERM |
| Topical term or geographic name as entry element |
Ships-- Fires and Fire Prevention |
| 942 ## - ADDED ENTRY ELEMENTS (KOHA) |
| Item type |
Books |